| 000 | 00817 a2200205 4500 | ||
|---|---|---|---|
| 008 | 080820t xxu||||| |||| 00| 0 eng d | ||
| 010 | _aENG-84791 | ||
| 020 |
_a8183821146 _c150.00 |
||
| 035 | _aEN-68324 | ||
| 037 | _bD.B.Act / Pub | ||
| 082 | _a133.333 | ||
| 100 | _aSharma, Gopal | ||
| 245 |
_aHealing power of gems _cby Gopal Sharma and Sewaram Jaipuria |
||
| 260 |
_aNew Delhi _bLotus Press _c2007 |
||
| 270 |
_a4263/3, Ansari Road, Darya Ganj, _bNew Delhi _cDelhi _e110002 _k32903912, 23290047 _mlotus_press@sify.com |
||
| 300 |
_a209 p. _c21 cm (Pbk) |
||
| 700 | _aJaipuria, Sewaram | ||
| 942 |
_adpl _cEN _k133.333 / SHA _2ddc _h133.333 _mSHA |
||
| 999 |
_c411 _d411 |
||